000 00867nam a22002537a 4500
005 20100813134333.0
010 _aENG-100336
020 _a0198065396
_c795.00
020 _a9780198065395
_c795.00
035 _aEN-83868
037 _bDBAD/PUB
082 _a793.31954
245 _aBharatanatyam :
_ba reader /
_cedited by Davesh Soneji
260 _aNew Delhi
_bOxford University Press
_c2010
270 _aYMCA Library Building, Jai Singh Road
_bNew Delhi
_e110001
300 _ali, 410p.
_c22cm (Hb)
650 _aBharatanatyam
_912599
650 _aCivilization
_912600
650 _aIndia
650 _aDance
_912601
700 _aSoneji, Davesh
_912602
942 _2ddc
_cEN
_h793.31954
_mBHA
999 _c41610
_d41610